000 00896nam a2200241 a 4500
001 000010119
005 20250204073951.0
008 091005s2000 dr 000 p spa d
040 _aDO-SdBNP
_bspa
_cBNPHU
082 _aRD861.44
_bH557u
100 _aHernández Rueda, Lupo,
_d1930-2017
_923790
245 1 4 _aLas uvas de la tarde :
_b(1994-1998) /
_cLupo Hernández Rueda ; edición Tomás Castro Burdiez ; prólogo Mariano Lebrón Saviñón.
260 _aSanto Domingo :
_bCorripio,
_c2000.
300 _a60 p. ;
_c23 cm.
490 1 _aEdiciones El pez rojo
_v11
590 _aInventariado, 2018/LP
650 0 _aPoesía dominicana
_966
650 0 _aLiteratura dominicana.
_967
700 1 _aLebrón Saviñon, Mariano
_d1922-2014
_epról.
_97227
700 _aCastro, Tomás,
_d1959-
_eed.
_924641
830 0 _aEdiciones El pez rojo ;
_n11
_925116
910 _aValidado. Control de calidad BNPHU
999 _c9878
_d9878